MDQL
is popping MORE tags! Check the
thread
!
Quizzes
Events
Quiz Creation
Community
Videos
Private Events
Remove Ads
Sign In
Join for FREE
Feedback
Dark Mode
Quiz Categories
Sports
Geography
Music
Movies
Television
Just For Fun
Miscellaneous
History
Literature
Language
Science
Gaming
Entertainment
Religion
Holiday
For Kids
Quiz Lab
Recent
Popular Today
Quiz Kudos Today
Editor Picks
Curator Picks
Quizzes by...
Day
Popularity
Type
Ratings
Length
Year
Community
Subscriptions
Recent Discussions
Orange Saloon
Badges
Playlists
Quests
Create
Leaderboards
Showdown
Live 5
Trivia Bingo
Activity
Puzzle Library
Sporcle Events
Private Events
Virtual Trivia
Globe League
Become a Host
Pub Owners
SporcleCon
Opinionation
Our Games
Videos
Blog
Mobile Apps
Partnerships
Remove Ads and Go Orange
Feedback
Geography
Country
Landmarks
City
State
Population
World
Capital
Continent
Flags
Europe
Africa
Asia
South America
North America
Oceania
Border
Canada
United Kingdom
Topography
United States
Geography
Country
Landmarks
City
State
Population
World
Capital
Continent
Flags
Europe
Africa
Asia
South America
North America
Oceania
Border
Canada
United Kingdom
Topography
United States
Random Quiz
Search Sporcle
×
Quiz Lab
Quiz Lab
Geography
State
Type in answers that appear in a list
Type in answers that appear in a list
Classic
Best Score? Go Orange.
Central Multiword Counties Stats
Can you name the Central Multiword Counties?
By
freerice
14m
76 Questions
3 Plays
3 Plays
3 Plays
Comments
Comments
Give Quiz Kudos
Give Quiz Kudos
-
- Ratings
hide this ad
More Info
Replay
Link that replays current quiz
Next Quiz
Link to next quiz in quiz playlist
You Got
0%
They Got
Avg Score
14%
Avg Friend Score
Upgrade to see
Score Distribution
Jump to the score distribution portion of the page
Score
0/76
Timer
14:00
0
Plays Today
State
County
% Correct
Arkansas
Hot Spring
66.7%
Louisiana
East Baton Rouge
66.7%
Louisiana
Red River
66.7%
Louisiana
West Baton Rouge
66.7%
Minnesota
St. Louis
66.7%
Missouri
St. Louis
66.7%
Missouri
St. Louis City
66.7%
Texas
El Paso
66.7%
Texas
Red River
66.7%
Arkansas
St. Francis
33.3%
Iowa
Des Moines
33.3%
Louisiana
Jefferson Davis
33.3%
Louisiana
St. Charles
33.3%
Louisiana
St. James
33.3%
Missouri
St. Charles
33.3%
Missouri
St. Clair
33.3%
North Dakota
Grand Forks
33.3%
Texas
Fort Bend
33.3%
Texas
Jeff Davis
33.3%
Texas
Live Oak
33.3%
Texas
San Augustine
33.3%
Texas
San Jacinto
33.3%
Texas
San Saba
33.3%
Texas
Tom Green
33.3%
Texas
Val Verde
33.3%
Arkansas
Little River
0%
Arkansas
Van Buren
0%
Iowa
Black Hawk
0%
Iowa
Buena Vista
0%
Iowa
Cerro Gordo
0%
Iowa
Palo Alto
0%
Iowa
Van Buren
0%
Louisiana
East Carroll
0%
Louisiana
East Feliciana
0%
Louisiana
La Salle
0%
Louisiana
Pointe Coupee
0%
Louisiana
St. Bernard
0%
Louisiana
St. Helena
0%
State
County
% Correct
Louisiana
St. John the Baptist
0%
Louisiana
St. Landry
0%
Louisiana
St. Martin
0%
Louisiana
St. Mary
0%
Louisiana
St. Tammany
0%
Louisiana
West Carroll
0%
Louisiana
West Feliciana
0%
Minnesota
Big Stone
0%
Minnesota
Blue Earth
0%
Minnesota
Crow Wing
0%
Minnesota
Lac qui Parle
0%
Minnesota
Le Sueur
0%
Minnesota
Mille Lacs
0%
Minnesota
Otter Tail
0%
Minnesota
Red Lake
0%
Minnesota
Yellow Medicine
0%
Minnesota
Lake of the Woods
0%
Missouri
Cape Girardeau
0%
Missouri
New Madrid
0%
Missouri
Ste. Genevieve
0%
Missouri
St. Francois
0%
Nebraska
Box Butte
0%
Nebraska
Keya Paha
0%
Nebraska
Red Willow
0%
Nebraska
Scotts Bluff
0%
North Dakota
Golden Valley
0%
Oklahoma
Le Flore
0%
Oklahoma
Roger Mills
0%
South Dakota
Bon Homme
0%
South Dakota
Charles Mix
0%
South Dakota
Fall River
0%
Texas
Deaf Smith
0%
Texas
Jim Hogg
0%
Texas
Jim Wells
0%
Texas
La Salle
0%
Texas
Palo Pinto
0%
Texas
San Patricio
0%
Texas
Van Zandt
0%
Quiz Playlist
Details
Report
Send in Message
Add To Playlist
More Info:
All counties here are in states not in the US Census Bureau's 'West' region, but entirely or partly west of the Mississippi River.
Classic:
Type in answers that appear in a list
Last Updated: Feb 16, 2017
Quiz Scoreboard
CHALLENGE
Sign Up to Join the Scoreboard
Show All
Scores
Hide
Comments
May contain spoilers
Recently Published
Holiday 10x10 Sorting Gallery
by lukepisani3
Holiday
15m
Two Season TV Shows II
by 123Four
Television
10m
Image Sorting: Flags VI
by Barbecue
Geography
2m
More to Explore
Quiz From the Vault
Featured Blog Post
14 Easter Pick-up Lines to Find Eggs With
hide this ad
You Might Also Like...
Tags
State Quiz
central
counties
Today's Top Quizzes in Geography
Browse Geography
hide this ad
Today's Top Quizzes in State
Browse State
Top Contributed Quizzes in Geography
1
Colored Red Europe Blitz I
2
Countries of the World - No Outlines Minefield
3
Colored Red Africa Blitz II
4
Colored Red Europe Blitz II
5
Colored Red Europe Blitz III
6
Colored Red Africa Blitz III
7
Colored Red States Blitz I
8
A Different View: World Oceans
9
Colored Red States Blitz II
10
Colored Red States Blitz III
Explore More
Trending Topics
Marvel
Crossword
NBA
Anime
Harry Potter
Kpop
Disney
Puzzle
WWE
Pokémon
Song
Country
Soccer
The Office
NFL
hide this ad
More By:
freerice
Quiz
Plays
Rating
Category
Featured
Created
Interstate 75 counties
192
4.50
Geography
Jul 26, 2011
Quadratic Blitz
171
2.00
Science
Jan 27, 2013
Longest Beatles Songs
161
5.00
Music
Mar 13, 2012
Beatles lyrics
113
5.00
Music
Mar 14, 2012
Beatles Lyrics 2
91
5.00
Music
Mar 30, 2012
Go to Creator's Profile
Score Distribution
Quiz Creator Spotlight
freerice
Follow
Send a Message
Quizzes Created
-
Created Quiz Play Count
-
More By This Creator
Popular Quizzes Today
1
Find the US States - No Outlines Minefield
2
Colored Red Africa Blitz
3
Find the 'City' Movie
4
The Countries of the World
5
Find the US States
6
5x2 Blitz: Bands
7
Find the Countries of Europe - No Outlines Minefield
8
US States
More Geography Quizzes
Disappearing List - European Countries
Curator's Pick
Trending Quizzes
Colored Red Europe Blitz I
Colored Red Europe Blitz II
Colored Red Africa Blitz II
Colored Red Africa Blitz III
Colored Red Europe Blitz III
Recently Updated
Odd Team Out - Big 4 Players
pecheneg
Quick Pick: 20 Twenties
pecheneg
March Madness Men's Triple Doubles
pecheneg
How Do You Spell That?
pecheneg
Godzilla Movies
pecheneg
Grab Bag: 4-10 Letters
pecheneg
2024 March Madness Bracket
pecheneg
Famous TV Couples
Peacemaker
Champions League XIs: Real Madrid
pecheneg
Largest US Cities 1790-2010
pecheneg
Trending Topics
Anime
Crossword
Harry Potter
Kpop
Marvel
NBA
Disney
WWE
Pokémon
NFL
Country
Puzzle
Soccer
Song
The Office
Your Account Isn't Verified!
In order to create a playlist on Sporcle, you need to verify the email address you used during registration. Go to your
Sporcle Settings
to finish the process.
Report this User
Report this user for behavior that violates our
Community Guidelines
.
Details:
Send Report
Go to the Sporcle.com Mobile Site →
Comments